Kawallah kehidupan anda : lima langkah rancangan pengurusan tekanan anda

Bibliographic Details
Main Author: Ratcliffe, Gail Dr
Corporate Author: Title
Other Authors: Jamilah Nordin, Dr
Format: Book
Published: Kuala Lumpur : Synergy Publishing Co
Subjects:

MARC

LEADER 00000cam a2200000 7i4500
001 0000012454
005 20071217.0
008 071217
020 |a 9831971299 
090 0 0 |a 155.9042   |b RAT 
100 1 |a Ratcliffe, Gail Dr 
245 1 0 |a Kawallah kehidupan anda :   |b lima langkah rancangan pengurusan tekanan anda   |c Dr. Gail Ratcliffe   |c Terjemahan Dr. Jamilah Nordin 
260 |a Kuala Lumpur :   |b Synergy Publishing Co 
650 0 |a Malay fiction 
650 0 |a Prevention 
650 0 |a Relaxation 
650 0 |a Stress (Psychology) 
700 0 |a Jamilah Nordin, Dr 
710 0 |a Title 
999 |a 0001004804   |b Book   |c Adult Collection   |e Perbadanan Perpustakaan Awam Johor